Old Testament and the Literary Critic. (Record no. 5268)

MARC details
000 -LEADER
fixed length control field 00617nam a2200241 a 4500
020 ## - INTERNATIONAL STANDARD BOOK NUMBER
ISBN
082 00 - DEWEY DECIMAL CLASSIFICATION NUMBER
Classification number 221.6
Author Cutter ROB
100 ## - MAIN ENTRY--AUTHOR NAME
Author name Robertson, David
245 ## - TITLE STATEMENT
Title Old Testament and the Literary Critic.
260 ## - PUBLICATION, DISTRIBUTION, ETC. (IMPRINT)
Place of publication Philadelphia
Name of publisher Fortress Press
Year of publication 1977
300 ## - PHYSICAL DESCRIPTION
Number of Pages 87p
500 ## - GENERAL NOTE
General note includes index and biblioraphy
505 2# - FORMATTED CONTENTS NOTE
Formatted contents note Bibliography
650 ## - SUBJECT ADDED ENTRY--TOPICAL TERM
Topical Term Bible O.T. Criticism & Interpretati
942 ## - ADDED ENTRY ELEMENTS (KOHA)
Koha item type Books
700 1# -
-- Robertson, David
Holdings
Collection code Home library Current library Date acquired Cost, normal purchase price Full call number Accession Number Koha item type
  Henry Martyn Institute Library Henry Martyn Institute Library 06/18/2007 146.25 221.6 ROB 09115 Books
                   Copyright © 2026 | Henry Martyn Institute | Hyderabad | TS-500052 | INDIA | Implemented by hmi.edu.in
Hit-Count:

Powered by Koha